| 000 | 00280 a2200097 4500 | ||
|---|---|---|---|
| 100 | 1 |
_aCernyj, F.B.. _eAutor |
|
| 245 | 0 |
_aRasprostranenie radiovoln / _cCernyj F.B.. |
|
| 250 | _aIzd.2. | ||
| 710 | 2 |
_aSovetskoe Radio. _eWydawca _4pbl |
|
| 260 |
_aMoskva : _bSovetskoe Radio, _c1972. |
||
| 300 |
_a462 s.; _c24 cm. |
||
| 999 |
_c14320 _d14320 |
||